00822nam a22002417a 450000500170000001000130001702000220003003500130005203700160006504000120008108200080009310000250010124500470012626000480017327000450022130000240026650000510029065000350034165000310037694200220040799900190042995201320044820170124105923.0 aA-937218 c00.00a8171009980 aA-937218 bCen Lib/Ret aDPLbEN a327 aMohla, Vandana95238 aSAARC and super powers /cby Vandana Mohla aNew DelhibDeep and Deep Publicationsc1998 aF-159, Rajouri GardenbNew Delhie110027 axv, 345p.c22cm(Hb) aIncludes bibliographical references and index aInternational relations975664 aPeaceful coexistence95240 2ddccENh327mMOH c123291d123291 00104070aLbLd2015-06-04eCen Lib/Retg0.00l2o327 MOHpA-937218r2022-10-17 00:00:00s2022-10-03t1v0.00w2015-06-04yEN